Avian Songs - Statistics

General Stats
  • This quiz has been taken 33 times
    32 since last reset
  • The average score is 8 of 16
Answer Stats
Artist Bird Song % Correct
Steve Miller Band Fly Like an {Eagle}
96%
Michael Jackson Rockin' {Robin}
89%
Prince When {Dove}s Cry
89%
The Beatles {Black}bird
75%
Gerry Rafferty Night {Owl}
71%
Kid Creole and the Coconuts Stool {Pigeon}
64%
Rick Dees & his Cast of Idiots Disco {Duck}
54%
Eric Maschwitz A {Nightingale} Sang in Berkeley Square
46%
Fleetwood Mac Albatross
43%
T.Rex Ride a White {Swan}
43%
Rolling Stones Little Red {Rooster}
39%
Manfred Mann Pretty {Flamingo}
36%
Spitting Image The {Chicken} Song
36%
James Taylor / Carly Simon Mockingbird
29%
Jonathon Richman Roadrunner
25%
Snowy White Bird of Paradise
7%
No matching quizzes found
Score Distribution
Percent of People with Each Score
Percentile by Number Answered
Your Score History
You have not taken this quiz since the last reset